| 000 | 02502cam a2200445 i 4500 | ||
|---|---|---|---|
| 999 |
_c60433 _d60433 |
||
| 001 | 20041766 | ||
| 005 | 20230717133812.0 | ||
| 008 | 170929t20192019nyua bf 001 0 eng | ||
| 010 | _a 2017040918 | ||
| 020 |
_a9780190224837 X _q(jacketed hardcover ; _qalkaline paper) |
||
| 020 |
_a0190224835 _q(jacketed hardcover ; _qalkaline paper) |
||
| 035 | _a(OCoLC)on1005057450 | ||
| 040 |
_aDLC _beng _cDLC _erda _dOCLCF _dOCLCO _dOCLCQ _dYDX _dOCLCO _dAU@ _dBDX _dGSU _dOCLCQ _dVMY _dOCL _dBBW _dOCLCQ _dDLC |
||
| 042 | _apcc | ||
| 050 | 0 | 0 |
_aBF131 _b.O94 2019 |
| 080 | _a159.9 The-44 | ||
| 245 | 0 | 4 |
_aThe Oxford handbook of personality and social psychology / _cedited by Kay Deaux, Mark Snyder. |
| 246 | 3 | _aPersonality and social psychology | |
| 250 | _aSecond edition. | ||
| 264 | 1 |
_aNew York, NY : _bOxford University Press, _c[2019] |
|
| 264 | 4 | _c©2019 | |
| 300 |
_axv, 972 pages : _billustrations ; _c27 cm |
||
| 336 |
_atext _btxt _2rdacontent |
||
| 337 |
_aunmediated _bn _2rdamedia |
||
| 338 |
_avolume _bnc _2rdacarrier |
||
| 490 | 1 | _aOxford library of psychology | |
| 520 | 8 | _aThe second edition of The Oxford Handbook of Personality and Social Psychology captures the history, current status, and future prospects of personality and social psychology in a single integrated volume, offering a unique and generative agenda for psychology. It is dedicated to the proposition that personality and social psychology are best viewed in conjunction with one another and that the synergy to be gained from considering links between the two fields can do much to move both fields forward and to enrich our understanding of human nature. | |
| 650 | 0 |
_aPsychology _vHandbooks, manuals, etc. _919330 |
|
| 650 | 0 |
_aSocial psychology _vHandbooks, manuals, etc. _919376 |
|
| 650 | 7 |
_aPsychology. _2fast _0(OCoLC)fst01081447 _919377 |
|
| 650 | 7 |
_aSocial psychology. _2fast _0(OCoLC)fst01122816 _919378 |
|
| 653 | _aპიროვნებისა და სოციალური ფსიქოლოგიის ოქსფორდის სახელმძღვანელო | ||
| 655 | 7 |
_aHandbooks and manuals. _2fast _0(OCoLC)fst01423877 _919379 |
|
| 700 | 1 |
_aDeaux, Kay, _eeditor. რედაქტორი _919380 |
|
| 700 | 1 |
_aSnyder, Mark, _eeditor. რედაქტორი _919381 |
|
| 830 | 0 |
_aOxford library of psychology. _9660 |
|
| 906 |
_a7 _bcbc _cpccadap _d2 _eepcn _f20 _gy-gencatlg |
||
| 942 |
_2udc _cBK |
||
| 955 |
_brm05 2022-04-13 z-processor _irm05 2022-04-13 to CMD Telework |
||